000 00630nam a2200217 a 4500
999 _c2212
_d2212
003 PK-NaQUE
005 20251215105907.0
008 251215b ||||| |||| 00| 0 eng d
020 _a0442226721 (paperback)
020 _a9780442226725 (paperback)
040 _cQUEST
100 1 _aForseth, Kevin.
245 1 0 _aGlide Projection : lateral architectural drawing
250 _aFirst Edition.
260 _a[S.l.] :
_bVan Nostrand Reinhold,
_c1984.
300 _a128 p. ;
650 _aPerspective
650 _aMeasured drawing
856 4 0 _uhttp://10.10.170.122:8080/browse/book/29134
_yDownload eBook
942 _cBK
_2ddc